Даосские секреты любви для двоих (Запись № 1035365)

Подробности
000 -МАРКЕР
контрольное поле 02078nam0a2200433 4500
001 - ИДЕНТИФИКАТОР ЗАПИСИ
контрольное поле RU\NLR\bibl\182772
005 - ИДЕНТИФИКАТОР ВЕРСИИ
контрольное поле 20260607062117.0
010 ## - МЕЖДУНАРОДНЫЙ СТАНДАРТНЫЙ НОМЕР КНИГИ (ISBN)
Номер (ISBN) 5-220-00427-1
Уточнения София
010 ## - МЕЖДУНАРОДНЫЙ СТАНДАРТНЫЙ НОМЕР КНИГИ (ISBN)
Номер (ISBN) 5-344-00006-2
Уточнения Гелиос
Тираж 10000
021 ## - НОМЕР ГОСУДАРСТВЕННОЙ РЕГИСТРАЦИИ
Код страны Российская Федерация
Номер 2001-22779
Номер Листа государственной регистраци 1079
035 ## - ДРУГИЕ СИСТЕМНЫЕ НОМЕРА
Идентификатор записи (NLR Aleph) 000179381
100 ## - ДАННЫЕ ОБЩЕЙ ОБРАБОТКИ
Данные общей обработки 20010803d2001 |||y0rusy50 ca
101 1# - ЯЗЫК РЕСУРСА
Язык текста, звукозаписи и т.д. русский
Язык оригинала английский
102 ## - СТРАНА ПУБЛИКАЦИИ ИЛИ ПРОИЗВОДСТВА
Страна публикации Российская Федерация
-- Украина
105 ## - ПОЛЕ КОДИРОВАННЫХ ДАННЫХ: ТЕКСТОВЫЕ МАТЕРИАЛЫ, МОНОГРАФИЧЕСКИЕ
Кодированные данные о монографическом текстовом документе a |||||||||
200 1# - ЗАГЛАВИЕ И СВЕДЕНИЯ ОБ ОТВЕТСТВЕННОСТИ
Основное заглавие Даосские секреты любви для двоих
Первые сведения об ответственности Мантэк Чиа, Мэниван Чиа, Дуглас Абрамс, Рэйчел К. Абрамс
Последующие сведения об ответственности [Пер. с англ. М. Чеботарев]
210 ## - ПУБЛИКАЦИЯ, РАСПРОСТРАНЕНИЕ И ДР.
Место издания, распространения и т.д. Киев
Имя издателя, распространителя и т. д. София
Место издания, распространения и т.д. [Москва]
Имя издателя, распространителя и т. д. Гелиос
Дата издания, распространения и т.д. 2001
215 ## - ФИЗИЧЕСКАЯ ХАРАКТЕРИСТИКА
Специфическое обозначение материала и объем 287 с.
Другие сведения о физической характеристике ил.
Размеры 21
300 ## - ОБЩИЕ ПРИМЕЧАНИЯ
Текст примечания Загл. и авт. ориг.: The multi-orgasmic couple / Mantak Chia, Maneewan Chia, Douglas Abrams and Rachel Carlton Abrams
454 #0 - ОРИГИНАЛ (ПЕРЕВОДА)
Встроенное поле 2001#$aThe multi-orgasmic couple$fMantak Chia, Maneewan Chia, Douglas Abrams, Rachel Carlton Abrams
-- 701#1$aChia$bM.$f1944-$gMantak$3RU\NLR\AUTH\7750785
-- 701#1$aChia$bM.$gManeewan$3RU\NLR\AUTH\7791467
-- 701#1$aAbrams$bD.$gDouglas
-- 701#1$aAbrams$bR. C.$gRachel Carlton
Заглавие The multi-orgasmic couple
606 1# - НАИМЕНОВАНИЕ ТЕМЫ КАК ПРЕДМЕТ
Наименование темы Половая жизнь
Тематический подзаголовок Гигиена
Системный номер авторитетной/нормативной записи 1176600
Идентификатор авторитетной/нормативной записи RU\NLR\auth\66472905
610 0# - НЕКОНТРОЛИРУЕМЫЕ ПРЕДМЕТНЫЕ ТЕРМИНЫ
Предметный термин Даосизм
610 0# - НЕКОНТРОЛИРУЕМЫЕ ПРЕДМЕТНЫЕ ТЕРМИНЫ
Предметный термин Сексология
675 ## - УНИВЕРСАЛЬНАЯ ДЕСЯТИЧНАЯ КЛАССИФИКАЦИЯ (UDC/УДК)
Индекс 613.88(520)
Издание 3
Язык издания rus
686 ## - ИНДЕКСЫ ДРУГИХ КЛАССИФИКАЦИЙ
Индекс 76.33
Код системы
686 ## - ИНДЕКСЫ ДРУГИХ КЛАССИФИКАЦИЙ
Индекс 57.0
Код системы
686 ## - ИНДЕКСЫ ДРУГИХ КЛАССИФИКАЦИЙ
Индекс Р702
701 #1 - ИМЯ ЛИЦА - АЛЬТЕРНАТИВНАЯ ОТВЕТСТВЕННОСТЬ
Код отношения Автор
Графика поля Кириллица
Материалы, к которым относится поле rus
Начальный элемент ввода Чиа
Часть имени, кроме начального элемента ввода М.
Даты 1944-
Расширение инициалов личного имени Мантэк
Системный номер авторитетной/нормативной записи 117882
Идентификатор авторитетной/нормативной записи RU\NLR\auth\777960
701 #1 - ИМЯ ЛИЦА - АЛЬТЕРНАТИВНАЯ ОТВЕТСТВЕННОСТЬ
Код отношения Автор
Графика поля Кириллица
Материалы, к которым относится поле rus
Начальный элемент ввода Чиа
Часть имени, кроме начального элемента ввода М.
Расширение инициалов личного имени Мэниван
Системный номер авторитетной/нормативной записи 117883
Идентификатор авторитетной/нормативной записи RU\NLR\auth\777961
701 #1 - ИМЯ ЛИЦА - АЛЬТЕРНАТИВНАЯ ОТВЕТСТВЕННОСТЬ
Код отношения Автор
Графика поля Кириллица
Материалы, к которым относится поле rus
Начальный элемент ввода Арава
Часть имени, кроме начального элемента ввода Д. А.
Расширение инициалов личного имени Дуглас Абрамс
Системный номер авторитетной/нормативной записи 50962
Идентификатор авторитетной/нормативной записи RU\NLR\auth\7768034
701 #1 - ИМЯ ЛИЦА - АЛЬТЕРНАТИВНАЯ ОТВЕТСТВЕННОСТЬ
Код отношения Автор
Графика поля Кириллица
Материалы, к которым относится поле rus
Начальный элемент ввода Абрамс
Часть имени, кроме начального элемента ввода Р. К.
Расширение инициалов личного имени Рэйчел Карлтон
Системный номер авторитетной/нормативной записи 59867
Идентификатор авторитетной/нормативной записи RU\NLR\auth\7776939
801 #0 - ИСТОЧНИК ЗАПИСИ
Страна Российская Федерация
Организация RKP
Дата составления 20010803
Правила каталогизации PSBO
801 #1 - ИСТОЧНИК ЗАПИСИ
Страна Российская Федерация
Организация RKP
Дата составления 20010803
801 #2 - ИСТОЧНИК ЗАПИСИ
Страна Российская Федерация
Организация NLR
Дата составления 20100907
Правила каталогизации rcr
942 ## - ДОПОЛНИТЕЛЬНЫЕ ЭЛЕМЕНТЫ ЗАПИСИ (АБИС)
Тип экземпляра АБИС Книга
980 ## - КОЛЛЕКЦИЯ
Название коллекции Национальная библиография
Экземпляры
Тип экземпляра Дата поступления Источник поступления Библиотека постоянного хранения Библиотека текущего хранения Место хранения Шифр хранения Штрих-код Статус экземпляра
Книга 13.09.2001 Обязательный экземпляр РНБ (Московский) РНБ (Московский) Русский книжный фонд: издания с 1957 года 2001-3/12577 157340  
Книга 13.09.2001 Обязательный экземпляр РНБ (Московский) РНБ (Московский) Русский книжный фонд: издания с 1957 года 2001-3/12577 157341